| 000 | 00623nam a22001937a 4500 | ||
|---|---|---|---|
| 005 | 20251108165452.0 | ||
| 008 | 250721s1991 xx 000 0 ara d | ||
| 082 | 1 | 4 | _aم/028.7/داو |
| 100 | 1 | _aغطاشه، داود إبراهيم | |
| 245 | 1 | 0 | _aمصادر الدراسات الأدبية و اللغوية / |
| 250 | _aط2 | ||
| 264 | 1 |
_aعمان : _bدار الفكر للنشر و التوزيع، _c1991. |
|
| 300 | _a204ص | ||
| 650 | 1 | 7 | _aالمواد المرجعية |
| 650 | 1 | 7 | _aإستخدام المراجع |
| 700 | 1 | _aأبو شريفه، عبد القادر | |
| 942 |
_2ddc _cREF |
||
| 999 |
_c28680 _d28680 |
||